| Поле | Инд. | ПП | Название | Значение |
|---|---|---|---|---|
| Тип записи | a | |||
| Библиографический уровень | b | |||
| 001 | Контрольный номер | RU/IS/BASE/160930471 | ||
| 005 | Дата корректировки | 20200609191244.2 | ||
| 084 | a | Индекс другой классификации/Индекс ББК | 60.027.4; 65.011.21; 60.561.21 | |
| 100 | 1_ | a | Автор | Веснин В. Р. |
| 245 | a | Заглавие | Собственность: научная категория, политические мифы и реальность | |
| 650 | a | Основная рубрика | социальная философия | |
| a | Основная рубрика | социология | ||
| a | Основная рубрика | философия | ||
| a | Основная рубрика | экономика | ||
| a | Основная рубрика | экономическая социология | ||
| a | Основная рубрика | экономическая теория | ||
| 653 | a | Ключевые слова | групповая собственность | |
| a | Ключевые слова | долевая собственность | ||
| a | Ключевые слова | индивидуальная собственность | ||
| a | Ключевые слова | классификация форм собственности | ||
| a | Ключевые слова | общенародная собственность | ||
| a | Ключевые слова | общественные отношения | ||
| a | Ключевые слова | приватизация | ||
| a | Ключевые слова | собственность | ||
| a | Ключевые слова | совместная собственность | ||
| a | Ключевые слова | частная собственность | ||
| a | Ключевые слова | частная собственность на землю | ||
| a | Ключевые слова | экономические реформы | ||
| 773 | t | Заглавие источника | Социально-гуманитарные знания | |
| d | Дата издания источника | 2002 | ||
| g | Прочая информация | № 3. - С. 126 - 145 | ||
| w | Контрольный № источника | RU/IS/BASE/139677438 | ||
| 901 | t | Тип документа | b |